000 00421nam a2200157 i 4500
001 142171
003 ES-MaACL
005 20230906200449.0
007 t|
008 071003s1920 xxk ||||1| eng d
100 1 _aWimperis, H. E.
_9117055
245 1 2 _aA primer of air navigation /
_cH. E. Wimperis.
260 _aLondon :
_bConstable & Co.,
_c1920.
300 _aXIV, 128 p. ;
_c19 cm.
852 _aES-MaACL
_jD-3496
999 _c142171
_d142171